000 00475nam a2200193 a 4500
001 2840
003 CO-ViMGA
008 141112s2004 ck r 000 u spa d
040 _aCO-ViMGA
_bspa
_cCO-ViMGA
082 0 4 _a823.914 D383
100 1 _aDeveraux, Jude
245 1 0 _aLa doncella
260 _aBogotá :
_bJavier Vergara,
_c1996
300 _a303 p
490 _aRomóntica bolsillo, 68
650 1 4 _aNOVELA INGLESA
650 1 4 _aNOVELA ROMANTICA
942 _2ddc
_cBK
999 _c14910
_d14910